000 00669nam a2200241 a 4500
001 nice12345678
003 IN_TiNIC
005 20260116014021.0
008 120809s2009 lona grp 000 0 eng
020 _a9780415480253
_c650
082 0 0 _a306
_bSAT
100 _aSatpathy, Sumanyu
245 _aSouthern Postcolonialisms
_b The Global South and the New Literary Representations
260 _aLondon
_bRoutledge Chapman Hall
_c2009
300 _a249p
500 _aincludes index and biblioraphy
505 2 _aBibliography, Index
650 _aPost Colonial Theory
700 1 _aSatpathy, Sumanyu
902 _bSRS
942 _cBK
999 _c13516
_d13516